Loading...
| Literature - American | 0 | 6 | 1 | 3 | 55 | 130 | 150.50 | 0 | 0 | 0.00 | 0.00 |
| Philosophy | 0 | 5 | 0 | 2 | 50 | 118 | 143.60 | 0 | 0 | 0.00 | 0.00 |
| Fine Arts - Classical Music and Opera | 0 | 5 | 1 | 2 | 45 | 112 | 138.20 | 0 | 0 | 0.00 | 0.00 |
| Literature - World | 1 | 3 | 0 | 2 | 45 | 59 | 131.75 | 0 | 1 | 0.00 | 0.00 |
| Fine Arts - Other Arts | 2 | 3 | 4 | 1 | 40 | 15 | 91.60 | 2 | 2 | 0.00 | 0.00 |
| Social Science | 0 | 3 | 0 | 1 | 30 | 108 | 128.67 | 0 | 0 | 0.00 | 0.00 |
| Other Culture | 1 | 1 | 0 | 0 | 25 | 90 | 103.00 | 0 | 0 | 0.00 | 0.00 |
| History - Other | 0 | 2 | 0 | 0 | 20 | 101 | 125.00 | 0 | 1 | 0.00 | 0.00 |
| Geography | 0 | 2 | 0 | 1 | 20 | 149 | 153.00 | 0 | 0 | 0.00 | 0.00 |
| History - European | 0 | 2 | 0 | 1 | 20 | 133 | 148.50 | 0 | 0 | 0.00 | 0.00 |
| Fine Arts - Painting and Sculpture | 0 | 1 | 0 | 0 | 10 | 137 | 137.00 | 0 | 0 | 0.00 | 0.00 |
| History - World | 0 | 1 | 0 | 1 | 10 | 134 | 134.00 | 0 | 0 | 0.00 | 0.00 |
| Literature - British | 0 | 2 | 2 | 2 | 10 | 160 | 165.00 | 0 | 0 | 0.00 | 0.00 |
| Modern World | 0 | 1 | 0 | 0 | 10 | 88 | 88.00 | 0 | 0 | 0.00 | 0.00 |
| Religion | 0 | 1 | 0 | 0 | 10 | 132 | 132.00 | 0 | 0 | 0.00 | 0.00 |
| Literature - European | 0 | 0 | 0 | 0 | 0 | 0.00 | 0 | 0 | 0.00 | 0.00 | |
| Other Academic | 0 | 0 | 0 | 0 | 0 | 0.00 | 0 | 0 | 0.00 | 0.00 | |
| History - American | 0 | 0 | 1 | 0 | -5 | 0.00 | 0 | 0 | 0.00 | 0.00 |